Rosas frente al imperio británico: historia íntima de un triunfo argentino
Đã lưu trong:
| Tác giả chính: | |
|---|---|
| Định dạng: | Sách |
| Ngôn ngữ: | Tiếng Tây Ban Nha |
| Được phát hành: |
Buenos Aires
Ediciones Theoria
1974
|
| Phiên bản: | 2a. ed |
| Loạt: | Colección Tierra en Armas
|
| Những chủ đề: | |
| Các nhãn: |
Thêm thẻ
Không có thẻ, Là người đầu tiên thẻ bản ghi này!
|
MARC
| LEADER | 00000nam a2200000 a 4500 | ||
|---|---|---|---|
| 001 | UCO3162 | ||
| 003 | CL-VaPUC | ||
| 008 | 000714e19740000AG |||||||||||||||||spa|d | ||
| 082 | 0 | 4 | |a 327.82 |b MUÑ |2 21 |
| 100 | |a Muñoz Azpiri, José Luis |e autor |9 447070 | ||
| 245 | 1 | 0 | |a Rosas frente al imperio británico: historia íntima de un triunfo argentino |
| 250 | |a 2a. ed | ||
| 300 | |a 265 p | ||
| 942 | |c BK | ||
| 945 | |d 20000714 00:00:00 |a rherrera | ||
| 260 | |a Buenos Aires |b Ediciones Theoria |c 1974 | ||
| 600 | 0 | |a Rosas, Juan Manuel de |9 438178 | |
| 650 | 7 | |a DIPLOMACIA ARGENTINA |2 CL-VaPUC |9 446983 | |
| 650 | 0 | |a Relaciones Internacionales |9 255740 | |
| 650 | 7 | |a HISTORIA DE ARGENTINA SIGLO 19 |2 CL-VaPUC |9 378483 | |
| 651 | 0 | |a Argentina |9 254888 | |
| 583 | |a last modification |c 20160829 03:24:51 |k Rodrigo Vera | ||
| 490 | 0 | |a Colección Tierra en Armas | |
| 999 | |c 289632 |d 289630 | ||
| 952 | |0 0 |1 0 |4 0 |6 327_820000000000000_MUÑ_1974 |7 0 |8 A |9 338202 |a BIBHIS |b BIBHIS |d 2019-11-20 |i 1299808 |o 327.82 MUÑ 1974 |p 1299808 |r 2025-01-20 |w 2019-11-20 |y BK |k HIS | ||